000 00638nas a2200217 4500
001 BR9600270
003 BR-BrBNA
005 20231205095702.0
007 ta
008 230509b bl.|||p| |||| 00| 00por d
040 _aBR-BrBNA
_bpor
_cBiblioteca Nacional de Agricultura
041 _a(Pt)
072 _aQ80
100 1 _aAlves, R.M.V.
245 1 _aEquipamentos para acondicionamento em atmosfera modificada
650 _aEmbalagem
650 _aAcondicionamento
773 0 _tRevista Nacional da Carne (Brazil)
_x
_g(Dec 1995), v. 20(226) p. 18-22
_wBR9600270
909 _a202311
_bLúcia
_c55
_dLúcia Elande
942 _2AGRIS
_n0
_cANA
999 _c152123
_d152123